000 00973nas a2200325 4500
001 BR0701110
003 BR-BrBNA
005 20231205110622.0
007 ta
008 230509b bl.|||p| |||| 00| 00por d
040 _aBR-BrBNA
_bpor
_cBiblioteca Nacional de Agricultura
041 _a(Pt)
072 _aF02
100 1 _aPio, R.
100 1 _aAraújo, J.P.C. de
100 1 _aBastos, D.C.
100 1 _aAlves, A.S.R.
100 1 _aEntelmann, F.A.
100 1 _aScarpare Filho, J.A.
100 1 _aMourão Filho, F. de A.A.
245 1 _aSubstratos no enraizamento de estacas herbáceas de figueira oriundas da desbrota
650 _aFIGO
650 _aENRAIZAMENTO DE ESTACA
650 _aSUBSTRATO DE CULTURA
650 _aDESBROTA
650 _aPROPAGAÇÃO VEGETATIVA
773 0 _tCiência e Agrotecnologia (Brazil)
_xISSN 1413-7054
_g(2005), v. 29(3) p. 604-609
_wBR0701110
909 _a202311
_bLúcia
_c55
_dLúcia Elande
942 _2AGRIS
_n0
_cANA
999 _c188212
_d188212